000 01617nam a2200361 a 4500
999 _c45776
_d45776
003 BLK
005 20250614130732.0
008 180408b bul|||||r ||||||| ||bul||
010 _aKNG00049575000
020 _a954445-121-8
040 _aBLK
041 _aBUL
_cBUL
080 _aАмериканска литература (на САЩ)
_b821.111(73)
_x-31
_z821.111(73)-31
100 _aШелдън, Сидни
_9243637
139 _aШелдън, Сидни
_bШ 51
245 1 0 _aДиамантената династия
_bЧ. 1 - 2
_cСидни Шелдън; прев. на том Людмила Русева; прев. на том Олга Стоичкова.
_nЧ. 2
_pНаследниците на диамантената династия
257 _aUSA
260 _aСофия
_bХристо Ботев
_c1993 -
_9210116
_n978-954-445-
300 _c20 см
380 _aX
500 _aОриг. загл. Master of the Game / Sidney Sheldon. - 10 000 тир.
653 _aромани
700 1 _aРусева, Людмила
_eпрев. на том
_9368135
700 1 _aСтоичкова, Олга
_eпрев. на том
_9368136
760 1 _aШелдън, Сидни
_dХристо Ботев, 1993
_h288 с.
_tЧ. 2 Наследниците на диамантената династия
852 _aЦб 173458
_bЦб
856 4 _qpdf
_i0.00
_ldisable
856 4 _qpdf
_i0.00
_ldisable
942 _cKNG
_n0
_025
_s1
944 _aCR
_c20.04.2005
_lРенета Константинова
_k30546
944 _aED
_c03.10.2017
_lф /
_kЛюдмила_Стоянова
999 _d45776